[Event "World Rapid Women 2022"]
[Site "Almaty KAZ"]
[Date "2022.12.26"]
[Round "3.48"]
[White "Kaliakhmet, Elnaz"]
[Black "Kirchei, Viktoriia"]
[Result "0-1"]
[WhiteTitle "WFM"]
[BlackTitle "WFM"]
[WhiteElo "1786"]
[BlackElo "2070"]
[WhiteFideId "13730169"]
[BlackFideId "34133396"]
[EventDate "2022.12.26"]

1. d4 Nf6 2. c4 e6 3. Nf3 Bb4+ 4. Bd2 a5 5. g3 b6 6. Bg2 Bb7 7. Nc3 O-O 8. O-O
d6 9. Rc1 Nbd7 10. Bg5 Bxc3 11. Rxc3 h6 12. Bf4 Ne4 13. Rc1 Ndf6 14. Nd2 Nxd2
15. Qxd2 Bxg2 16. Kxg2 Qe7 17. Rfd1 e5 18. Be3 Rad8 19. Qc2 Ng4 20. Qd3 f5 21.
h3 Nxe3+ 22. Qxe3 f4 23. Qe4 Qg5 24. Rc3 Rde8 25. Qd5+ Kh8 26. h4 Qf6 27. Rf3
Qg6 28. dxe5 dxe5 29. Rc3 e4 30. Rcc1 e3 31. Qf3 fxg3 32. Qxg3 Rxf2+ 33. Kh3
Qe6+ 34. Qg4 Rh2+ 0-1

[Event "World Rapid Women 2022"]
[Site "Almaty KAZ"]
[Date "2022.12.26"]
[Round "3.49"]
[White "Assylkhan, Asiya"]
[Black "Balakanova, Bakhyt"]
[Result "1-0"]
[BlackTitle "WFM"]
[WhiteElo "1430"]
[BlackElo "2005"]
[WhiteFideId "13752707"]
[BlackFideId "13705881"]
[EventDate "2022.12.26"]

1. d4 d6 2. c4 f5 3. Nf3 g6 4. g3 Bg7 5. Bg2 Nf6 6. Nc3 O-O 7. O-O h6 8. Re1
Nbd7 9. e4 fxe4 10. Nxe4 Nxe4 11. Rxe4 Nf6 12. Re1 Qe8 13. Qe2 Rf7 14. Nh4 Kh7
15. b3 Ng4 16. Be3 e5 17. Be4 Bf5 18. Nxf5 gxf5 19. Qxg4 fxe4 20. Qxe4+ Kh8 21.
dxe5 Bxe5 22. Bd4 Re7 23. Rad1 c5 24. Ba1 Qf7 25. f4 Bxa1 26. Qxe7 Bd4+ 27. Kg2
Qg6 28. Qe4 Qg7 29. Kf3 Rf8 30. Qe7 Rf7 31. Qxd6 h5 32. Qe6 b6 33. Qc8+ Rf8 34.
Qe6 Qb7+ 35. Qd5 Qh7 36. Re6 h4 37. Qg5 Bg7 38. Qxh4 1-0

[Event "World Rapid Women 2022"]
[Site "Almaty KAZ"]
[Date "2022.12.26"]
[Round "4.1"]
[White "Batsiashvili, Nino"]
[Black "Gunina, Valentina"]
[Result "0-1"]
[WhiteTitle "GM"]
[BlackTitle "GM"]
[WhiteElo "2493"]
[BlackElo "2476"]
[WhiteFideId "13602993"]
[BlackFideId "4167570"]
[EventDate "2022.12.26"]

1. d4 d5 2. Nf3 Nf6 3. Bf4 c5 4. e3 Nc6 5. Nbd2 Qb6 6. dxc5 Qxb2 7. Rb1 Qc3 8.
Bb5 g6 9. O-O Bg7 10. Nb3 O-O 11. Qd3 Ne4 12. Qxd5 Bf5 13. Nbd4 Rfd8 14. Qb3
Qxc5 15. Nxf5 gxf5 16. Bd3 Nc3 17. Ng5 Rf8 18. Bc4 Nd8 19. Qb4 Rc8 20. Bd3 Nxb1
21. Qxb1 h6 22. Nf3 e5 23. Bxf5 exf4 24. Bxc8 Qxc8 25. exf4 Ne6 26. f5 Nf4 27.
Qb4 Qxf5 28. Qxb7 Qg6 29. g3 a5 30. c4 Ne6 31. Nh4 Qd3 32. Qd5 Qxd5 33. cxd5 Nd4
34. Ng2 Ne2+ 35. Kh1 Nc3 36. Ne3 Nxa2 37. Nf5 Nc3 38. Ra1 a4 39. Nxg7 Kxg7 40.
Ra3 Ne4 41. Rxa4 Nxf2+ 42. Kg2 Nd3 43. Kf3 Rd8 44. Rd4 Ne5+ 45. Kf4 Ng6+ 46. Kf5
Rd6 47. h4 h5 48. Kg5 Ne5 49. Kf5 Ng4 50. Rd3 Rf6+ 51. Kg5 Nh6 52. g4 hxg4 53.
h5 Rd6 54. Rd2 f5 55. Rd3 Rf6 56. Kf4 Nf7 57. Re3 Kh6 58. Re6 Rxe6 59. dxe6 Nd6
60. Ke5 Ne8 61. Kxf5 g3 0-1

[Event "World Rapid Women 2022"]
[Site "Almaty KAZ"]
[Date "2022.12.26"]
[Round "4.2"]
[White "Kosteniuk, Alexandra"]
[Black "Danielian, Elina"]
[Result "1/2-1/2"]
[WhiteTitle "GM"]
[BlackTitle "GM"]
[WhiteElo "2520"]
[BlackElo "2431"]
[WhiteFideId "4128125"]
[BlackFideId "13300210"]
[EventDate "2022.12.26"]

1. e4 e6 2. d4 d5 3. e5 c5 4. c3 Nc6 5. Nf3 Bd7 6. Be2 Nge7 7. Na3 cxd4 8. cxd4
Nf5 9. Nc2 Nb4 10. Ne3 Nxe3 11. fxe3 Rc8 12. O-O Be7 13. a3 Nc6 14. b4 O-O 15.
Bd3 f6 16. exf6 Bxf6 17. Bb2 a6 18. Rc1 Qe8 19. e4 Qh5 20. Qe2 Rce8 21. Qc2 Bd8
22. Kh1 Bb6 23. Rce1 Bc7 24. e5 Bb6 25. Qd2 Rc8 26. Rf2 Ne7 27. Rg1 Qh6 28. Qe2
Nf5 29. g4 Nh4 30. Nxh4 Qxh4 31. Rxf8+ Rxf8 32. Rg3 Qg5 33. Kg2 Qf4 34. Qe3 Qxe3
35. Rxe3 Rf4 36. Kg3 g5 37. Re2 h6 38. h4 Bxd4 39. hxg5 hxg5 40. Bc1 Rf1 41.
Bxg5 Rg1+ 42. Kf4 Rf1+ 43. Kg3 Rg1+ 44. Kf4 Rf1+ 45. Kg3 Rg1+ 1/2-1/2

[Event "World Rapid Women 2022"]
[Site "Almaty KAZ"]
[Date "2022.12.26"]
[Round "4.3"]
[White "Tan, Zhongyi"]
[Black "Mammadova, Gulnar"]
[Result "1-0"]
[WhiteTitle "GM"]
[BlackTitle "IM"]
[WhiteElo "2518"]
[BlackElo "2376"]
[WhiteFideId "8603642"]
[BlackFideId "13403508"]
[EventDate "2022.12.26"]

1. d4 d5 2. c4 dxc4 3. Nf3 Nf6 4. e3 e6 5. Bxc4 c5 6. O-O a6 7. dxc5 Bxc5 8.
Qxd8+ Kxd8 9. Be2 Ke7 10. Nfd2 b6 11. Nb3 Bd6 12. N1d2 Bb7 13. Nc4 Bc7 14. Bd2
Nc6 15. Rfc1 Rhd8 16. a4 Rac8 17. Be1 Nd5 18. a5 Nxa5 19. Ncxa5 bxa5 20. Nc5 Rb8
21. Nxb7 Rxb7 22. Bxa6 Ra7 23. Bc4 Rb8 24. b3 Nb4 25. Bc3 f6 26. g3 Nd5 27. Be1
Nb4 28. Ra4 Nd5 29. e4 Nb4 30. Bd2 Rab7 31. Be3 g5 32. Raa1 h5 33. Kg2 h4 34.
Bc5+ Kf7 35. Rd1 Rd8 36. Rxd8 Bxd8 37. Rd1 Be7 38. Bxe7 Kxe7 39. gxh4 gxh4 40.
Kh3 Nc6 41. Ra1 Kd6 42. Kxh4 Ke5 43. Kh3 Kxe4 44. Bxe6 Nd4 45. Re1+ Kf4 46. Bd5
Rh7+ 47. Kg2 f5 48. Re3 Rd7 49. Bc4 Rc7 50. Bg8 Rc8 51. Rg3 Ne2 52. Be6 Rc5 53.
Re3 Nd4 54. h3 Nxe6 55. Rxe6 Rb5 56. Re3 Rb8 57. Rg3 Rh8 58. Kf1 Ra8 59. Rc3 Kg5
60. Kg2 a4 61. Rg3+ Kh5 62. bxa4 Rxa4 63. Rg8 Ra3 64. f3 Ra4 65. Kg3 f4+ 66. Kf2
Ra2+ 67. Kf1 Ra3 68. Ke2 Re3+ 69. Kf2 Ra3 70. Rg4 Ra2+ 71. Kf1 Ra4 72. Ke2 Rd4
73. h4 Rb4 74. Kd3 Ra4 75. Ke2 Rb4 76. Kf1 Ra4 77. Kg2 Rb4 78. Kh3 Kh6 79. Rg5
Rb1 80. Kg4 Rh1 81. Ra5 Rg1+ 82. Kxf4 Rh1 83. Kg4 Rg1+ 84. Kh3 Rf1 85. Kg2 Rb1
86. Rg5 Ra1 87. Kg3 Rb1 88. Kg4 Rg1+ 89. Kf5 Rh1 90. Rg8 Kh7 91. Rg4 Kh6 92. f4
Ra1 93. Rg5 Ra5+ 94. Kg4 Ra1 95. Rb5 Rg1+ 96. Kf5 Ra1 97. Rb8 Ra6 98. Re8 Ra5+
99. Kf6 Ra6+ 100. Re6 Ra4 101. f5 Rxh4 102. Re1 Rh2 103. Rg1 Kh7 104. Kf7 Kh6
105. f6 Kh7 106. Rg7+ Kh8 107. Rg5 Kh7 108. Re5 Kh6 109. Kf8 Kg6 110. Re6 Ra2
111. f7+ Kh7 112. Ke7 Ra7+ 113. Kf6 Ra8 114. Re8 Ra6+ 115. Ke5 1-0

[Event "World Rapid Women 2022"]
[Site "Almaty KAZ"]
[Date "2022.12.26"]
[Round "4.4"]
[White "Dzagnidze, Nana"]
[Black "Girya, Olga"]
[Result "1/2-1/2"]
[WhiteTitle "GM"]
[BlackTitle "GM"]
[WhiteElo "2517"]
[BlackElo "2398"]
[WhiteFideId "13601903"]
[BlackFideId "4195752"]
[EventDate "2022.12.26"]

1. c4 Nf6 2. Nc3 e5 3. Nf3 Nc6 4. e3 Bb4 5. Qc2 Bxc3 6. bxc3 e4 7. Ng5 d5 8. f3
h6 9. cxd5 hxg5 10. dxc6 exf3 11. gxf3 bxc6 12. Ba3 Qd5 13. e4 Qa5 14. Qb3 Be6
15. Qb4 Qxb4 16. Bxb4 g4 17. Bg2 gxf3 18. Bxf3 Bg4 19. Bg2 Bh3 20. Bf3 Bg4 21.
Bg2 Bh3 22. Bf3 Bg4 1/2-1/2

[Event "World Rapid Women 2022"]
[Site "Almaty KAZ"]
[Date "2022.12.26"]
[Round "4.5"]
[White "Koneru, Humpy"]
[Black "Gong, Qianyun"]
[Result "1-0"]
[WhiteTitle "GM"]
[BlackTitle "WGM"]
[WhiteElo "2572"]
[BlackElo "2299"]
[WhiteFideId "5008123"]
[BlackFideId "8602425"]
[EventDate "2022.12.26"]

1. d4 Nf6 2. c4 e6 3. Nf3 b6 4. g3 Bb7 5. Bg2 g6 6. Nc3 Bg7 7. d5 O-O 8. O-O d6
9. e4 exd5 10. exd5 Nbd7 11. Nd4 Ne5 12. b3 Re8 13. h3 a6 14. a4 Qc8 15. f4 Ned7
16. a5 Nc5 17. Bb2 Nce4 18. Nxe4 Nxe4 19. Kh2 bxa5 20. Qc2 Nc5 21. Rxa5 Re3 22.
Rf3 Qe8 23. Qd2 Re7 24. b4 Ne4 25. Qc2 Nf6 26. f5 Bc8 27. Ra1 g5 28. Rf2 Bd7 29.
Ra3 g4 30. h4 Nh5 31. Qd1 Nf6 32. Ne6 fxe6 33. fxe6 Nh5 34. Qxg4 Bc8 35. Raf3
Qg6 36. Qxg6 hxg6 37. Bxg7 Nxg7 38. Rf8+ Kh7 39. R2f7 Bxe6 40. dxe6 Rxf8 41.
Rxe7 Kh6 42. g4 Re8 43. Rxe8 Nxe8 44. Bc6 1-0

[Event "World Rapid Women 2022"]
[Site "Almaty KAZ"]
[Date "2022.12.26"]
[Round "4.6"]
[White "Garifullina, Leya"]
[Black "Khademalsharieh, Sarasadat"]
[Result "1-0"]
[WhiteTitle "IM"]
[BlackTitle "IM"]
[WhiteElo "2357"]
[BlackElo "2490"]
[WhiteFideId "34127035"]
[BlackFideId "12512214"]
[EventDate "2022.12.26"]

1. e4 e5 2. Nf3 Nc6 3. Bb5 a6 4. Ba4 Nf6 5. O-O d6 6. Re1 Bd7 7. Bxc6 Bxc6 8. d4
exd4 9. Nxd4 Be7 10. Nf5 O-O 11. Bg5 Bd7 12. Nxe7+ Qxe7 13. Qf3 Qe5 14. Bxf6
Qxf6 15. Qxf6 gxf6 16. Nc3 Bc6 17. f3 Rfe8 18. g4 h5 19. h3 hxg4 20. hxg4 Re5
21. Kf2 Kg7 22. Kg3 Rh8 23. Rad1 Rc5 24. Rd2 a5 25. Red1 Re8 26. Kf2 Ree5 27.
Kg3 Re8 28. Kf4 Rc4 29. Rd4 Rxd4 30. Rxd4 Re5 31. a4 Rc5 32. Ke3 Bd7 33. Rd2 Be6
34. Kd4 Kf8 35. b3 c6 36. Rh2 b5 37. Kd3 b4 38. Nd1 Ke7 39. Rh5 d5 40. exd5 cxd5
41. Ne3 Rc3+ 42. Kd4 Rc8 43. f4 Rc6 44. Rh8 Bc8 45. Nxd5+ Kd7 46. Rxc8 1-0

[Event "World Rapid Women 2022"]
[Site "Almaty KAZ"]
[Date "2022.12.26"]
[Round "4.7"]
[White "Mammadzada, Gunay"]
[Black "Charochkina, Daria"]
[Result "1-0"]
[WhiteTitle "IM"]
[BlackTitle "IM"]
[WhiteElo "2472"]
[BlackElo "2344"]
[WhiteFideId "13403729"]
[BlackFideId "4180917"]
[EventDate "2022.12.26"]

1. e4 c6 2. d4 d5 3. Nc3 dxe4 4. Nxe4 Nf6 5. Nxf6+ exf6 6. Bc4 Bd6 7. Qe2+ Qe7
8. Qxe7+ Kxe7 9. Ne2 Re8 10. Be3 Kf8 11. O-O-O Nd7 12. Bd3 Kg8 13. h3 Nf8 14. c4
Bd7 15. Nc3 f5 16. Rde1 Ng6 17. c5 Bc7 18. d5 cxd5 19. Nxd5 Ba5 20. Bd2 Rec8 21.
b4 Bd8 22. Kb2 Be6 23. Bc4 b6 24. Bc3 bxc5 25. b5 Rab8 26. Kc2 Kf8 27. a4 Nf4
28. Rd1 Ng6 29. g3 Rb7 30. h4 Ne7 31. h5 h6 32. Rhe1 Ng8 33. Rxe6 fxe6 34. Nf4
Bf6 35. Nxe6+ Ke7 36. Re1 Bxc3 37. Kxc3 Kd6 38. Rd1+ Ke7 39. Nxg7 Kf6 40. Ne6
Re8 41. Nd8 Rbe7 42. Rd6+ Kg5 43. Ne6+ Kg4 44. Nf4 Kf3 45. Rg6 Kxf2 46. Nd3+ Kg2
47. Bxg8 Re3 48. Bd5+ Kh2 49. a5 Rxg3 50. b6 c4 51. Rxg3 Kxg3 52. bxa7 cxd3 53.
a8=Q Rxa8 54. Bxa8 1-0

[Event "World Rapid Women 2022"]
[Site "Almaty KAZ"]
[Date "2022.12.26"]
[Round "4.8"]
[White "Zatonskih, Anna"]
[Black "Paehtz, Elisabeth"]
[Result "1/2-1/2"]
[WhiteTitle "IM"]
[BlackTitle "GM"]
[WhiteElo "2349"]
[BlackElo "2464"]
[WhiteFideId "14101572"]
[BlackFideId "4641833"]
[EventDate "2022.12.26"]

1. d4 Nf6 2. c4 g6 3. Nf3 Bg7 4. g3 O-O 5. Bg2 d6 6. O-O Nc6 7. Nc3 a6 8. b3 Rb8
9. Nd5 Nh5 10. Bb2 b5 11. cxb5 axb5 12. Rc1 Bd7 13. Qd2 e6 14. Nf4 Nxf4 15. Qxf4
b4 16. Qd2 Ra8 17. Ba1 Ra6 18. Rc2 Qb8 19. Rfc1 d5 20. Ne1 Rb6 21. e4 dxe4 22.
Bxe4 Na7 23. Rxc7 Rd8 24. R7c4 Nc8 25. Bg2 Nd6 26. Rc5 Nf5 27. d5 Bxa1 28. Rxa1
Bc6 29. Rac1 Bb7 30. Nc2 Bxd5 31. Bxd5 exd5 32. Nd4 Nxd4 33. Qxd4 Qd6 34. Rd1
Qe6 35. Rxd5 Rxd5 36. Qxd5 Qf6 37. Qd8+ Kg7 38. Qxf6+ Kxf6 39. Kf1 h5 40. Ke2
Ra6 41. Rd2 Ke5 42. Ke3 Rc6 43. h4 Rc3+ 44. Rd3 Rc2 45. Rd2 Rc3+ 46. Ke2 f6 47.
Kf1 Rc1+ 48. Kg2 Ra1 49. Rd8 Rxa2 50. Rb8 Kf5 51. Rxb4 g5 52. Rc4 Rb2 53. b4 Rb3
54. Rc5+ Kg6 55. Rc4 Kf5 56. hxg5 fxg5 57. Kh3 Rb2 58. Kg2 Rb3 59. Rd4 Kf6 60.
Kf1 Rb2 61. Ke1 Kf5 62. Rc4 Ra2 63. Kf1 Rb2 64. Kg2 Rb3 65. Kh3 Rb2 66. f3 Rb3
67. f4 gxf4 68. Rxf4+ Kg5 69. Rc4 Rb2 70. Rc5+ Kg6 71. Rb5 Kf6 72. Rb8 Kg5 73.
Rb6 Rb3 74. Rb5+ Kg6 75. Kh4 Rb1 76. Kh3 Rb3 77. Rb8 Kg5 78. Rb7 Rb1 79. Rb8 Rb3
80. Rb5+ Kg6 81. Kh4 Rb1 82. Kh3 Rb3 83. Rb6+ Kg5 84. Rb7 Rb1 85. Rb8 Rb3 86.
Rb5+ Kg6 87. Rb6+ Kg5 1/2-1/2

[Event "World Rapid Women 2022"]
[Site "Almaty KAZ"]
[Date "2022.12.26"]
[Round "4.9"]
[White "Goryachkina, Aleksandra"]
[Black "Kamalidenova, Meruert"]
[Result "1-0"]
[WhiteTitle "GM"]
[BlackTitle "WIM"]
[WhiteElo "2584"]
[BlackElo "2377"]
[WhiteFideId "4147103"]
[BlackFideId "13712802"]
[EventDate "2022.12.26"]

1. Nf3 Nf6 2. c4 e6 3. g3 d5 4. Bg2 Be7 5. O-O O-O 6. d4 dxc4 7. Qc2 b5 8. a4 b4
9. Nfd2 Nd5 10. Nxc4 c5 11. dxc5 Ba6 12. Ne3 Nd7 13. Nxd5 exd5 14. Rd1 Rc8 15.
c6 Nf6 16. Bg5 Re8 17. e3 Qb6 18. Bxf6 Rxc6 19. a5 Qb5 20. Bc3 d4 21. Rxd4 bxc3
22. Nxc3 Bf6 23. Qd2 Qc5 24. Bxc6 Qxc6 25. Rd6 Qc8 26. Nd5 Bb7 27. a6 Ba8 28.
Nxf6+ gxf6 29. Rxf6 Rd8 30. Qc3 Qg4 31. f3 Bxf3 32. Rf4 Qh5 33. Rf1 Bd5 34. Qf6
Rd7 35. Rf5 Qe2 36. Qg5+ Kh8 37. Rxd5 Rxd5 38. Qxd5 Qxe3+ 39. Kg2 Qe7 40. Qxf7
Qe4+ 41. Qf3 1-0

[Event "World Rapid Women 2022"]
[Site "Almaty KAZ"]
[Date "2022.12.26"]
[Round "4.10"]
[White "Voit, Daria"]
[Black "Lagno, Kateryna"]
[Result "1-0"]
[WhiteTitle "WGM"]
[BlackTitle "GM"]
[WhiteElo "2347"]
[BlackElo "2563"]
[WhiteFideId "4182146"]
[BlackFideId "14109336"]
[EventDate "2022.12.26"]

1. d4 Nf6 2. c4 e6 3. Nf3 d5 4. g3 Bb4+ 5. Bd2 Be7 6. Bg2 c6 7. Qc2 Nbd7 8. Bf4
Ne4 9. Nfd2 Nd6 10. O-O Nf5 11. cxd5 Nxd4 12. Qd3 e5 13. Bxe5 Nxe5 14. Qxd4 Bf6
15. Qc5 cxd5 16. Nc3 Be6 17. Bxd5 Rc8 18. Qb5+ Bd7 19. Qb4 a5 20. Qd6 Bc6 21.
Nde4 Qe7 22. Bxc6+ Nxc6 23. Nxf6+ Qxf6 24. Qxf6 gxf6 25. Nd5 f5 26. Rfd1 O-O 27.
Ne3 Rfe8 28. Rd5 Re5 29. Rad1 f4 30. gxf4 Re4 31. f5 Kg7 32. a3 a4 33. Kg2 Rce8
34. Rd7 b5 35. R7d6 Ne5 36. R1d4 Rxd4 37. Rxd4 Kf6 38. Rd6+ Kg5 39. Rd5 Nc4 40.
Nxc4 bxc4 41. e3 Rb8 42. Rd4 Rc8 43. Rf4 Kf6 44. Kf3 Ke5 45. Ke2 Kd5 46. Kd2 Rg8
47. Kc3 Rg2 48. Rxc4 Rxh2 49. Rxa4 h5 50. Rf4 Ke5 51. a4 Rh1 52. a5 h4 53. b4
Kf6 54. a6 Kg5 55. Kb2 Rd1 56. a7 Rd8 57. b5 h3 58. Rf3 Kh4 59. Rxh3+ 1-0

[Event "World Rapid Women 2022"]
[Site "Almaty KAZ"]
[Date "2022.12.26"]
[Round "4.11"]
[White "Savitha, Shri B"]
[Black "Harika, Dronavalli"]
[Result "1/2-1/2"]
[WhiteTitle "WIM"]
[BlackTitle "GM"]
[WhiteElo "2411"]
[BlackElo "2507"]
[WhiteFideId "35061887"]
[BlackFideId "5015197"]
[EventDate "2022.12.26"]

1. e4 e5 2. Nf3 Nc6 3. Bb5 Bc5 4. O-O Nd4 5. Nxd4 Bxd4 6. c3 Bb6 7. d4 c6 8. Ba4
d6 9. d5 Ne7 10. Kh1 O-O 11. f4 cxd5 12. exd5 e4 13. Bc2 f5 14. Na3 Bd7 15. b3
Kh8 16. Nc4 Bc7 17. Ne3 Ng8 18. c4 Bb6 19. Qe1 Qf6 20. Rb1 Qh6 21. Bd1 Rae8 22.
Nc2 Qf6 23. Be3 Qd8 24. b4 Bxe3 25. Nxe3 b6 26. Rc1 Qe7 27. Qd2 Rc8 28. Be2 Rc7
29. Rc3 Rfc8 30. Rfc1 Qf6 31. Nd1 Be8 32. Ne3 Bd7 33. Nd1 Be8 34. Ne3 Ne7 35.
Nc2 Ng6 36. g3 Bd7 37. Nd4 Ne7 38. Nb3 Ba4 39. Nd4 Bd7 40. Nb3 Ba4 41. Nd4 Bd7
42. Nb3 Ba4 43. Nd4 Bd7 44. Nb3 Ba4 1/2-1/2

[Event "World Rapid Women 2022"]
[Site "Almaty KAZ"]
[Date "2022.12.26"]
[Round "4.13"]
[White "Khotenashvili, Bela"]
[Black "Nomin-Erdene, Davaademberel"]
[Result "1-0"]
[WhiteTitle "GM"]
[BlackTitle "IM"]
[WhiteElo "2485"]
[BlackElo "2384"]
[WhiteFideId "13602640"]
[BlackFideId "4900782"]
[EventDate "2022.12.26"]

1. Nf3 d5 2. g3 Nf6 3. Bg2 c6 4. O-O Bf5 5. d3 h6 6. c4 e6 7. Qb3 Qb6 8. Qc2
Nbd7 9. b3 Be7 10. Bb2 O-O 11. Nc3 Bh7 12. Rad1 Rad8 13. Qc1 Rfe8 14. Qa1 Bf8
15. h3 c5 16. e3 Qa5 17. cxd5 exd5 18. d4 c4 19. Ne5 Nxe5 20. dxe5 Rxe5 21. Ne2
Ree8 22. Bxf6 gxf6 23. Nf4 Bg7 24. Rxd5 Rxd5 25. Nxd5 f5 26. Qc1 c3 27. b4 Qxa2
28. Nxc3 Qc4 29. Nd5 Qxc1 30. Rxc1 f4 31. Nxf4 b6 32. Rc7 Bf8 33. Bd5 Re7 34.
Rc8 Be4 35. b5 Bxd5 36. Nxd5 Re6 37. Rc7 Re5 38. e4 Bc5 39. Kg2 Kf8 40. f3 Ke8
41. Rxa7 Kd8 42. Rxf7 Re6 43. g4 Bd4 44. h4 Rg6 45. Kg3 Ke8 46. Rb7 Kf8 47. f4
Rd6 48. g5 hxg5 49. hxg5 Kg8 50. Kg4 Kf8 51. Rc7 Rd8 52. Rc6 Re8 53. Kf5 Ra8 54.
e5 Ra5 55. Ke4 1-0

[Event "World Rapid Women 2022"]
[Site "Almaty KAZ"]
[Date "2022.12.26"]
[Round "4.14"]
[White "Assaubayeva, Bibisara"]
[Black "Balajayeva, Khanim"]
[Result "0-1"]
[WhiteTitle "IM"]
[BlackTitle "WGM"]
[WhiteElo "2440"]
[BlackElo "2379"]
[WhiteFideId "13708694"]
[BlackFideId "13406396"]
[EventDate "2022.12.26"]

1. c4 e5 2. g3 Nf6 3. Bg2 c6 4. d4 e4 5. Nc3 d5 6. Bg5 Nbd7 7. cxd5 cxd5 8. Qb3
Bd6 9. Nh3 h6 10. Bf4 Nb6 11. Bxd6 Qxd6 12. Nb5 Qe7 13. Nxa7 Rxa7 14. Qxb6 Ra4
15. Qb5+ Bd7 16. Qxb7 O-O 17. b3 Rxd4 18. e3 Rb4 19. Qa7 Rfb8 20. Rc1 g5 21. Ng1
d4 22. Ne2 dxe3 23. fxe3 R4b7 24. Qc5 Qxc5 25. Rxc5 Ng4 26. Kd2 Ra7 27. Nc3 f5
28. h3 Nf2 29. g4 Nxh1 30. Bxh1 fxg4 31. hxg4 Bxg4 32. Bxe4 Rd8+ 33. Kc2 Be6 34.
Rc6 Kf7 35. a4 g4 36. b4 g3 37. b5 Rg8 38. Bg2 h5 39. Rxe6 Kxe6 40. Bd5+ Kd6 41.
Bxg8 g2 42. Ne2 Rg7 43. Bc4 g1=Q 44. Nxg1 Rxg1 45. a5 h4 46. a6 Kc7 47. Be6 Kb6
48. Kd3 Rg3 49. Ke2 h3 50. Kd3 h2 51. Bd5 Rg5 52. Bf3 Rxb5 53. Kd4 Kxa6 54. e4
Rb3 55. Bg2 Rg3 56. Bh1 Rg1 57. Bf3 Kb6 58. Kd5 Kc7 59. Ke6 Kd8 60. e5 h1=Q 61.
Bxh1 Rxh1 62. Kf7 Rf1+ 0-1

[Event "World Rapid Women 2022"]
[Site "Almaty KAZ"]
[Date "2022.12.26"]
[Round "4.15"]
[White "Padmini, Rout"]
[Black "Ushenina, Anna"]
[Result "0-1"]
[WhiteTitle "IM"]
[BlackTitle "GM"]
[WhiteElo "2389"]
[BlackElo "2454"]
[WhiteFideId "5029295"]
[BlackFideId "14110911"]
[EventDate "2022.12.26"]

1. Nf3 d5 2. g3 Nc6 3. d4 Bf5 4. Bg2 e6 5. O-O Nb4 6. Na3 Be7 7. Ne5 f6 8. Nf3
Qd7 9. c3 Nc6 10. Nh4 Bg4 11. h3 Bh5 12. g4 Bf7 13. f4 f5 14. g5 h6 15. Qe1 Bh5
16. Nc2 Bd6 17. b4 Nge7 18. a4 hxg5 19. fxg5 Bxe2 20. Qxe2 Rxh4 21. a5 a6 22.
Bd2 Kf7 23. Ne1 Ng6 24. Nd3 Rah8 25. Rae1 Nd8 26. Rf3 c6 27. Ref1 Re4 28. Re3
Rxe3 29. Bxe3 Bb8 30. Bf4 Nxf4 31. Nxf4 Bxf4 32. Rxf4 Qd6 33. Qe3 g6 34. h4 Kg7
35. Bf1 Nf7 36. c4 Re8 37. cxd5 exd5 38. Qf2 Qxb4 39. h5 Nd6 40. hxg6 Qe1 41.
Qh2 Rh8 42. Rh4 Rxh4 43. Qxd6 Rg4+ 44. Kh2 Qf2+ 0-1

[Event "World Rapid Women 2022"]
[Site "Almaty KAZ"]
[Date "2022.12.26"]
[Round "4.16"]
[White "Javakhishvili, Lela"]
[Black "Mkrtchyan, Mariam"]
[Result "1/2-1/2"]
[WhiteTitle "IM"]
[BlackTitle "WIM"]
[WhiteElo "2440"]
[BlackElo "2364"]
[WhiteFideId "13601458"]
[BlackFideId "13310828"]
[EventDate "2022.12.26"]

1. d4 d5 2. c4 c6 3. Nf3 Nf6 4. Qb3 dxc4 5. Qxc4 Bf5 6. g3 e6 7. Bg2 Be7 8. O-O
O-O 9. e3 Nbd7 10. Rd1 Rc8 11. Qe2 b5 12. a4 b4 13. Nbd2 Bc2 14. Re1 c5 15. Nc4
Be4 16. a5 Qc7 17. b3 Rfd8 18. Bb2 Qb7 19. Ncd2 Bc6 20. e4 Bb5 21. Nc4 Qa6 22.
Rac1 cxd4 23. Nxd4 Nc5 24. e5 Nd5 25. Nxb5 Qxb5 26. Nd6 Qxe2 27. Rxe2 Bxd6 28.
Bxd5 Bf8 29. Bc4 Nd3 30. Rcc2 Nxb2 31. Rxb2 Bc5 32. Rbd2 Bd4 33. Kg2 Bc3 34.
Rxd8+ Rxd8 35. f4 Rd2 36. Rxd2 Bxd2 1/2-1/2

[Event "World Rapid Women 2022"]
[Site "Almaty KAZ"]
[Date "2022.12.26"]
[Round "4.17"]
[White "Maltsevskaya, Aleksandra"]
[Black "Buksa, Nataliya"]
[Result "0-1"]
[WhiteTitle "IM"]
[BlackTitle "IM"]
[WhiteElo "2400"]
[BlackElo "2405"]
[WhiteFideId "24174041"]
[BlackFideId "14123622"]
[EventDate "2022.12.26"]

1. e4 c5 2. Nf3 Nc6 3. d4 cxd4 4. Nxd4 e5 5. Nb5 d6 6. a4 Be7 7. N1c3 Nf6 8. Bg5
a6 9. Na3 Bg4 10. Qd2 O-O 11. h3 Be6 12. Bc4 h6 13. Be3 Rc8 14. Bxe6 fxe6 15.
Rd1 Qe8 16. O-O Rd8 17. Qe2 d5 18. Bb6 Rd7 19. f4 d4 20. fxe5 dxc3 21. exf6 Bxf6
22. bxc3 Rxd1 23. Rxd1 Qe7 24. Nc4 Bxc3 25. Qe3 Qb4 26. Qe2 Ne5 27. Bc7 Nxc4 28.
Kh1 Be5 29. Bxe5 Nxe5 30. Qe3 Qxa4 31. Rd6 Qc4 32. Kh2 Qc7 0-1

[Event "World Rapid Women 2022"]
[Site "Almaty KAZ"]
[Date "2022.12.26"]
[Round "4.18"]
[White "Pourkashiyan, Atousa"]
[Black "Tokhirjonova, Gulrukhbegim"]
[Result "1-0"]
[WhiteTitle "WGM"]
[BlackTitle "WGM"]
[WhiteElo "2321"]
[BlackElo "2328"]
[WhiteFideId "12502014"]
[BlackFideId "14203626"]
[EventDate "2022.12.26"]

1. e4 e5 2. Nf3 Nf6 3. Nxe5 d6 4. Nf3 Nxe4 5. Nc3 Nxc3 6. dxc3 Be7 7. Bf4 Nd7 8.
Qd2 Nf6 9. Bd3 O-O 10. O-O-O d5 11. h3 c5 12. Kb1 c4 13. Be2 b5 14. Ne5 Qb6 15.
Bf3 Be6 16. g4 b4 17. cxb4 Bxb4 18. c3 Bc5 19. Be3 Rab8 20. Bxc5 Qxc5 21. Qd4
Qb5 22. Rd2 Rfd8 23. g5 Ne8 24. Bg4 Nd6 25. g6 hxg6 26. Bxe6 fxe6 27. Nxg6 Nf5
28. Qe5 Qb6 29. Rg1 Kf7 30. Qf4 d4 31. Nh4 dxc3 32. Nxf5 exf5 33. Qxc4+ Kf8 34.
Qxc3 Rxd2 35. Qxd2 Qf6 36. Rd1 Kg8 37. b3 Re8 38. Qd5+ Kh7 39. Qd4 Qg6 40. Qh4+
Kg8 41. Rd8 Rxd8 42. Qxd8+ Kh7 43. Qh4+ Kg8 44. Qd4 a6 45. h4 Kh7 46. Kb2 Qe6
47. a4 Qe2+ 48. Ka3 Qe7+ 49. b4 Qe1 50. a5 Qc1+ 51. Kb3 Qb1+ 52. Kc4 Qf1+ 53.
Kd5 Qe2 54. Kd6 Qe8 55. Kc7 Qe2 56. Kb6 Qb5+ 57. Ka7 Qe2 58. Qc5 Qd3 59. Kb7 f4
60. Qh5+ Kg8 61. Qe8+ Kh7 62. h5 Qc4 63. Qg6+ Kg8 64. Qe8+ Kh7 65. Qg6+ Kg8 66.
h6 Qxb4+ 67. Kxa6 Qc4+ 68. Kb7 Qd5+ 69. Kb6 Qd4+ 70. Kb5 Qd5+ 71. Kb4 Qd4+ 72.
Kb3 Qd5+ 73. Kc2 Qc5+ 74. Kd3 Qb5+ 75. Kc2 Qc5+ 76. Kd1 Qd5+ 77. Ke2 Qe5+ 78.
Kf3 Qc3+ 79. Kg2 f3+ 80. Kg3 Qe5+ 81. Kxf3 Qc3+ 82. Ke4 1-0